000 00331nam a22001457a 4500
008 230508b ||||| |||| 00| 0 eng d
020 _a9781587652363
041 _aeng
080 _2VOLUME 1 ,2
_a94
082 _a94SUP
100 _a28
101 _aHISTORY
245 _aTHE UNITED STATES AT WAR
_cSUPER.C.J
942 _2udc
_cBK
999 _c59675
_d59675